000 nam a22 7a 4500
999 _c10513
_d10513
008 180219b ||||| |||| 00| 0 eng d
100 _aVerma,S.etal.
_96424
245 _aExcellence in Mathematics-1
260 _aNew Delhi
_bPrachi
_c2011